| 000 | 00588nam a22001457a 4500 | ||
|---|---|---|---|
| 999 |
_c8156 _d8156 |
||
| 003 | AUA.1 | ||
| 005 | 20200203125117.0 | ||
| 008 | 121025t xxu||||| |||| 00| 0 eng d | ||
| 040 | _cJTL | ||
| 100 |
_aOnyango, Joseph Okoth _927973 |
||
| 245 |
_aFactors affecting the workfoce retention in East Africa Union Mission of Seventh-Day Adventist Church: a focus on administrative, pastoral and accounting employees / _cJoseph Okoth Onyango. |
||
| 300 |
_a127 p. _c29 cm. |
||
| 650 |
_aSeventh-day Adventists _xWorkforce retention _927974 |
||
| 942 |
_2aua _cPROJECT _hMA Lead _i.O59 2009 |
||